| 000 | 00337nam a2200121Ia 4500 | ||
|---|---|---|---|
| 008 | 150202s9999 xx 000 0 und d | ||
| 050 |
_aFIC _bFIC |
||
| 100 | _aBallard, J.G. | ||
| 245 |
_aVermillion sands / _cJ.G. Ballard. |
||
| 260 |
_aNew York : _bCarroll and Graf Pub., _c1988. |
||
| 300 |
_a208 pages : _c18 cm. |
||
| 650 | _aFiction. | ||
| 999 |
_c281854 _d281854 |
||